000 00589nam a2200205Ia 4500
003 IN-BaIIA
008 211028s9999 xx 000 0 eng d
020 _a0-691-05938-1
040 _cIIA Library
080 _a53:081
_bEIN
245 0 _aEinstein's miraculous year
_cedited by John Stachel
260 _aPrinceton
_bPrinceton University Press
_c1998
300 _axv, 198p.
650 _aEinstein (Albert)
650 _aHistory
_97064
650 _aRelativity
650 _aScience
_91299
700 _aStachel, John, ed.
_918494
942 _cBK
999 _c13099
_d13099